ՀՀ Գիտությունների ազգային ակադեմիայի հիմնարար գիտական գրադարան  =   Fundamental Scientific Library of NAS RA

Ռիխարդ Զորգե / (Record no. 12937)

MARC details
000 -LEADER
fixed length control field 01027nam a2200265 a 4500
001 - CONTROL NUMBER
control field 000028983
003 - CONTROL NUMBER IDENTIFIER
control field AM-YEHGA
005 - DATE AND TIME OF LATEST TRANSACTION
control field 20250617121232.0
008 - FIXED-LENGTH DATA ELEMENTS--GENERAL INFORMATION
fixed length control field 010108s1974 ai |||||||||||arm d
040 ## - CATALOGING SOURCE
Original cataloging agency AM-YeHGA
041 1# - LANGUAGE CODE
Language code of text/sound track or separate title arm
Language code of original rus
090 ## - LOCALLY ASSIGNED LC-TYPE CALL NUMBER (OCLC); LOCAL CALL NUMBER (RLIN)
-- 13038
100 1# - MAIN ENTRY--PERSONAL NAME
Personal name Կոլեսնիկովա, Մարիա
245 10 - TITLE STATEMENT
Title Ռիխարդ Զորգե /
Statement of responsibility, etc. Մ. Կոլեսնիկովա, Մ. Կոլեսնիկով ; Թարգմ.՝ Ռ. Վարդանյան.
260 ## - PUBLICATION, DISTRIBUTION, ETC.
Place of publication, distribution, etc. Երևան :
Name of publisher, distributor, etc. Հայաստան,
Date of publication, distribution, etc. 1974.
300 ## - PHYSICAL DESCRIPTION
Extent 415 էջ :
Other physical details դիմանկ. ;
Dimensions 21 սմ.
504 ## - BIBLIOGRAPHY, ETC. NOTE
Bibliography, etc. note Հիմնական տարեթվեր, էջ՝ 411-413
504 ## - BIBLIOGRAPHY, ETC. NOTE
Bibliography, etc. note Համառոտ բիբլիոգրաֆիա, էջ՝ 414
600 14 - SUBJECT ADDED ENTRY--PERSONAL NAME
Personal name Զորգե, Ռիխարդ,
Dates associated with a name 1895-1944
650 14 - SUBJECT ADDED ENTRY--TOPICAL TERM
Topical term or geographic name entry element Ռազմագիտություն
650 14 - SUBJECT ADDED ENTRY--TOPICAL TERM
Topical term or geographic name entry element Ռազմական հետախուզություն
General subdivision Հայրենական մեծ պատերազմ
700 1# - ADDED ENTRY--PERSONAL NAME
Personal name Կոլեսնիկով, Միխայիլ
700 1# - ADDED ENTRY--PERSONAL NAME
Personal name Վարդանյան, Ռ.
Relator term թարգմ.
Relationship trl
942 ## - ADDED ENTRY ELEMENTS (KOHA)
Source of classification or shelving scheme Universal Decimal Classification
Koha item type Գրքեր / Books
Holdings
Withdrawn status Lost status Source of classification or shelving scheme Damaged status Not for loan Collection Home library Current library Date acquired Total checkouts Full call number Barcode Date last seen Price effective from Koha item type Public note
    Universal Decimal Classification     General Fundamental Scientific Library Fundamental Scientific Library 21/12/2016   AII/53624 220053624 21/12/2016 21/12/2016 Գրքեր / Books 30 Days Loan
    Universal Decimal Classification     General Fundamental Scientific Library Fundamental Scientific Library 21/12/2016   AII/53625 220053625 21/12/2016 21/12/2016 Գրքեր / Books 30 Days Loan
    Universal Decimal Classification     General Fundamental Scientific Library Fundamental Scientific Library 21/12/2016   AII/53626 220053626 21/12/2016 21/12/2016 Գրքեր / Books 30 Days Loan
    Universal Decimal Classification     General Fundamental Scientific Library Fundamental Scientific Library 21/12/2016   AII/53627 220053627 21/12/2016 21/12/2016 Գրքեր / Books 30 Days Loan


ՀՀ ԳԱԱ հիմնարար գիտական գրադարան
ՀՀ,Երևան 0019
Մարշալ Բաղրամյան 24/6
հեռախոս:(374-10) 52-47-50
Հետադարձ կապ

All site content, except where otherwise noted, is licensed under a
Creative Commons License